Loading...

Kerala - the melting pot

Bibliographic Details
Main Author: John, K.C
Format: Printed Book
Language:English
Published: New Delhi Nunes publishers 1991
Subjects:
LEADER 00516nam a22001577a 4500
005 20151215124853.0
008 090908t xxu||||| |||| 00| 0 eng d
082 |a 320.954 83  |b JOH 
100 |a John, K.C.  |9 1105 
245 |a Kerala - the melting pot 
300 |a 245p. 
653 |a Kerala- political history 
942 |c BK  |6 _ 
260 |a New Delhi  |b Nunes publishers  |c 1991 
999 |c 93269  |d 93269 
952 |0 0  |1 0  |2 ddc  |4 0  |6 320954_83JOH  |7 0  |9 117160  |a SMS  |b SMS  |c REF  |d 2009-09-08  |o 320.954 83 JOH  |p SMS018281  |r 2009-09-08  |w 2009-09-08  |y REF